|
|
|
|
| LEADER |
00000cam a2200000 a 4500 |
| 001 |
vtls001243882 |
| 003 |
SK-MaSNL |
| 005 |
20260301195052.0 |
| 008 |
250414s1991 xo 0 0 eng |
| 035 |
|
|
|a SNK000190896
|
| 040 |
|
|
|a SNK
|b slo
|c SNK
|e AACR2
|
| 041 |
0 |
|
|a eng
|
| 044 |
|
|
|a xo
|c SK
|
| 080 |
|
|
|a 771.31:061.6(085)=20
|2 1981
|
| 080 |
|
|
|a 061.6(085)=20
|2 1981
|
| 110 |
0 |
|
|a ELAS, Ústav pre elektronizáciu a automatizáciu systémov (Prievidza)
|4 aut
|9 63125
|
| 245 |
1 |
0 |
|a SPK-1024 CCD Camera
|c ELAS, Ústav pre elektronizáciu a automatizáciu systémov
|
| 246 |
3 |
3 |
|a SPK-1024 CCD kamera
|
| 260 |
|
|
|a Prievidza
|b ELAS, Ústav pre elektronizáciu a automatizáciu systémov
|c 1991
|e Martin
|f Tlačiarne SNP
|
| 300 |
|
|
|a 1 s.
|c 29,5x20,5 cm
|
| 500 |
|
|
|a Prospekt. Tab. Kres. Fotogr. Rok. vyd., náz. a sídlo tlač. zistené mimo dok. Text angl.
|
| 500 |
|
|
|a Ponúka ELAS, Ústav pre elektronizáciu a automatizáciu systémov, Prievidza.
|
| 655 |
|
7 |
|a FFP
|2 SNK
|9 284649
|
| 852 |
|
|
|a Slovenská národná knižnica
|
| 954 |
|
|
|a kamery
|a SPK-1024 CCD (aparát fotografický)
|a ELAS, Ústav pre elektronizáciu a automatizáciu systémov,
|
| 958 |
|
|
|a TL
|
| 999 |
|
|
|c 884113
|d 886043
|
| 952 |
|
|
|t P60, <04>, [BOOK], {604}
|a SNK
|b SNK
|y VYP
|7 0
|p 17A0238312
|o snkLSB 1380 D1
|0 0
|1 0
|4 0
|d 2000-05-09
|l 0
|r 2005-01-01 00:00:00
|w 2026-02-24
|